Informe que rinde al C. Venustiano Carranza, presidente de los Estados Unidos Mexicanos para el C. General Gobernador provisional del Estado del Nayarit / (Record no. 63756)

MARC details
000 -LEADER
campo de control de longitud fija 00505nam a2200145 i 4500
001 - NÚMERO DE CONTROL
campo de control 63756
003 - IDENTIFICADOR DE NÚMERO DE CONTROL
campo de control ES-MaACL
005 - FECHA Y HORA DE LA ÚLTIMA TRANSACCIÓN
campo de control 20230906164948.0
007 - CAMPO FIJO DE DESCRIPCIÓN FÍSICA--INFORMACIÓN GENERAL
campo de control de longitud fija t|
008 - DATOS DE LONGITUD FIJA--INFORMACIÓN GENERAL
campo de control de longitud fija 031216s1918 mx ||||1| spa d
100 1# - ENTRADA PRINCIPAL--NOMBRE DE PERSONA
Nombre de persona Ferreira, Jesús M.
9 (RLIN) 50371
245 10 - MENCIÓN DEL TÍTULO
Título Informe que rinde al C. Venustiano Carranza, presidente de los Estados Unidos Mexicanos para el C. General Gobernador provisional del Estado del Nayarit /
Mención de responsabilidad, etc. Jesús M. Ferreira.
260 ## - PUBLICACIÓN, DISTRIBUCIÓN, ETC.
Lugar de publicación, distribución, etc. México :
Nombre del editor, distribuidor, etc. [s.n.,
Fecha de publicación, distribución, etc. 1918]
852 ## - LOCALIZACIÓN
Ubicación ES-MaACL
Número de control de estantería 1596-F-1
Holdings
Estatus retirado Estado de pérdida Estado de daño No para préstamo Colección Biblioteca de origen Biblioteca actual Ubicación en estantería Fecha de adquisición Fuente de adquisición Total de préstamos Signatura topográfica completa Código de barras Visto por última vez Precio de reemplazo Tipo de ítem Koha
        Colección de folletos Biblioteca del Ateneo de Madrid Biblioteca del Ateneo de Madrid Depósito folletos 17/01/2008     1596-F-1 1066817 23/02/2023 23/02/2023 Folleto